Normal view MARC view

Entry Personal Name

Number of records used in: 1

001 - CONTROL NUMBER

  • control field: 24292

003 - CONTROL NUMBER IDENTIFIER

  • control field: OSt

005 - DATE AND TIME OF LATEST TRANSACTION

  • control field: 20210621135459.0

008 - FIXED-LENGTH DATA ELEMENTS

  • fixed length control field: 210621|| aca||aabn | a|a d

040 ## - CATALOGING SOURCE

  • Original cataloging agency: OSt
  • Transcribing agency: OSt

100 ## - HEADING--PERSONAL NAME

  • Personal name: Terry, April N.

670 ## - SOURCE DATA FOUND

  • Source citation: Work cat.: (OSt)516254: Terry, April N., The architecture of rural life: The dangers of dense collective efficacy for at‐risk girls

Powered by Koha